banner koha

Potencial agricola e regionalizacao do Estado de Santa Catarina para producao de cana-de-acucar e mandioca como fontes de materias primas para obtencao de alcool [Brasil] (Registro n. 28939)

MARC details
000 -LÍDER
campo de controle de tamanho fixo 01329nam a22003977a 4500
001 - NÚMERO DE CONTROLE
campo de controle BR7909254
003 - IDENTIFICADOR DO NÚMERO DE CONTROLE
campo de controle BR-BrBNA
005 - DATA E HORÁRIO DA ÚLTIMA TRANSAÇÃO
campo de controle 20230928090448.0
007 - CAMPO FIXO DE DESCRIÇÃO FÍSICA--INFORMAÇÃO GERAL
campo de controle de tamanho fixo ta
008 - CAMPO DE DADOS FIXOS--INFORMAÇÃO GERAL
campo de controle de tamanho fixo 230509b bl.||||| |||| 00| 0 por d
040 ## - FONTE DA CATALOGAÇÃO
Instituição da catalogação original BR-BrBNA
Idioma da catalogação por
Instituição que transcreveu o registro Biblioteca Nacional de Agricultura
041 ## - CÓDIGO DE IDIOMA
Código do idioma do texto/trilha sonora ou título diferente (Por)
072 ## - CÓDIGO DE CATEGORIA DE ASSUNTO
Código de Categoria de Assunto F00; P05
Código do objeto 0230
-- 1540
-- 8961
-- /G514
090 ## - NÚMERO DE CHAMADA LOCAL
-- 0230 BR7909254
100 1# - ENTRADA PRINCIPAL--NOME PESSOAL
Nome pessoal Ide, B.Y.
100 1# - ENTRADA PRINCIPAL--NOME PESSOAL
Nome pessoal Nadal, R. de
100 1# - ENTRADA PRINCIPAL--NOME PESSOAL
Nome pessoal Althoff, D.A.
100 1# - ENTRADA PRINCIPAL--NOME PESSOAL
Nome pessoal Vizzotto, V.J.
100 1# - ENTRADA PRINCIPAL--NOME PESSOAL
Nome pessoal Gondin, P.
100 1# - ENTRADA PRINCIPAL--NOME PESSOAL
Nome pessoal Moraes, O. de
100 1# - ENTRADA PRINCIPAL--NOME PESSOAL
Nome pessoal Martins, L.B.
100 1# - ENTRADA PRINCIPAL--NOME PESSOAL
Nome pessoal Segalin, D.L.
100 1# - ENTRADA PRINCIPAL--NOME PESSOAL
Nome pessoal Paim, H.L.
110 1# - ENTRADA PRINCIPAL--NOME CORPORATIVO
Nome corporativo ou nome da jurisdição Empresa Catarinense de Pesquisa Agropecuaria S.A., Florianopolis, SC (Brasil)
245 1# - TÍTULO
Título Potencial agricola e regionalizacao do Estado de Santa Catarina para producao de cana-de-acucar e mandioca como fontes de materias primas para obtencao de alcool [Brasil]
260 3# - PUBLICAÇÃO, DISTRIBUIÇÃO, ETC.
Local de publicação, distribuição, etc. Florianopolis, SC (Brasil):
Data da publicação, distribuição, etc. 1979.
300 ## - DESCRIÇÃO FÍSICA
Extensão 37 p.
500 ## - NOTA GERAL
Nota geral 12 tables; 6 illus. (*) Documento disponível na(o) Empresa Catarinense de Pesquisa Agropecuaria, Florianopolis, SC (Brazil)
650 ## - ASSUNTO--TERMO TÓPICO
Cabeçalho tópico ou nome geográfico MATERIA PRIMA VEGETAL
650 ## - ASSUNTO--TERMO TÓPICO
Cabeçalho tópico ou nome geográfico CANA DE ACUCAR
650 ## - ASSUNTO--TERMO TÓPICO
Cabeçalho tópico ou nome geográfico MANDIOCA
650 ## - ASSUNTO--TERMO TÓPICO
Cabeçalho tópico ou nome geográfico ALCOOL
650 ## - ASSUNTO--TERMO TÓPICO
Cabeçalho tópico ou nome geográfico SANTA CATARINA
909 ## -
-- 202309
-- Lucia
-- 55
-- Lucia Elande
942 ## - ELEMENTOS DE ENTRADA ADICIONADOS (KOHA)
Tipo de material Koha Livros
Exemplares
Situação do descarte Fonte da classificação ou esquema de arquivamento na estante Situação física Não pode ser emprestado Biblioteca de origem Biblioteca atual Total de empréstimos Data de último acesso Número do exemplar Tipo de material Koha Nota pública Situação das perdas Data de aquisição Fonte de aquisição Qualificador de local codificado Custo, preço normal de compra Número do inventário Custo, preço de reposição Preço efetivo de
  Classificação AGRIS   INDISPONÍVEL Centro Cooperante Centro Cooperante   25/09/2023 01 Livros 12 tables; 6 illus. (*) Documento disponível na(o) Empresa Catarinense de Pesquisa Agropecuaria, Florianopolis, SC (Brazil) Em falta              

BINAGRI

Telefone: (61)3218-2567/2388/3357/2097 - binagri@agro.gov.br

Ministério da Agricultura e Pecuária , Esplanada dos Ministérios, Bloco D, Anexo B, Brasília/DF, CEP: 70.043-900